Detalles MARC
| 000 -CABECERA |
| Longitud fija campo de control |
01497nam a2200385 c 4500 |
| 001 - NÚMERO DE CONTROL |
| Número de control |
22670 |
| 003 - IDENTIFICADOR DE NÚMERO DE CONTROL |
| Identificador del número de control |
ES-MaCES |
| 005 - FECHA Y HORA DE LA ÚLTIMA TRANSACCIÓN |
| Fecha y hora de la última transacción |
20141221122811.0 |
| 008 - CAMPO FIJO DE DESCRIPCIÓN FIJA--INFORMACIÓN GENERAL |
| Códigos de información de longitud fija |
091126s2009 sp rt o000 | spa d |
| 024 7# - OTROS IDENTIFICADORES |
| Número normalizado o código |
601-09-216-X |
| Fuente del número o código |
nipo |
| 035 ## - NÚMERO DE CONTROL DEL SISTEMA |
| Número de control del sistema |
CES20090012564m |
| 040 ## - FUENTE DE CATALOGACIÓN |
| Centro catalogador de origen |
ES-MaCES |
| Lengua de catalogación |
spa |
| Centro transcriptor |
ES-MaCES |
| 245 00 - MENCIÓN DE TÍTULO |
| Título |
Proyecto [de] Presupuestos Generales del Estado 2010 |
| Medio |
Recurso electrónico |
| 260 ## - PUBLICACIÓN, DISTRIBUCIÓN, ETC (PIE DE IMPRENTA) |
| Lugar de publicación, distribución, etc. |
[Madrid] |
| Nombre del editor, distribuidor, etc. |
Ministerio de Economía y Hacienda |
| Fecha de publicación, distribución, etc. |
[2009] |
| 300 ## - DESCRIPCIÓN FÍSICA |
| Extensión |
1 CD-ROM |
| Dimensiones |
12 cm |
| 500 ## - NOTA GENERAL |
| Nota general |
Tít. tomado de la etiqueta del CD-ROM |
| 500 ## - NOTA GENERAL |
| Nota general |
Características del sistem: navegador internet y visor archivos pdf |
| 500 ## - NOTA GENERAL |
| Nota general |
Posteriormente, v.a.: Ministerio de Hacienda y Administraciones Públicas |
| 541 ## - NOTA DE LA FUENTE INMEDIANTE DE ADQUISICIÓN |
| Forma de adquisición |
Gratuito |
| 650 #4 - ASIENTO SECUNDARIO DE MATERIA--TÉRMINO DE MATERIA |
| Término de materia o nombre geográfico como elemento inicial |
presupuesto nacional |
| 9 (RLIN) |
28073 |
| 650 #4 - ASIENTO SECUNDARIO DE MATERIA--TÉRMINO DE MATERIA |
| Término de materia o nombre geográfico como elemento inicial |
elaboración del presupuesto |
| 9 (RLIN) |
28277 |
| 650 #4 - ASIENTO SECUNDARIO DE MATERIA--TÉRMINO DE MATERIA |
| Término de materia o nombre geográfico como elemento inicial |
distribución del ingreso |
| 9 (RLIN) |
27109 |
| 650 #4 - ASIENTO SECUNDARIO DE MATERIA--TÉRMINO DE MATERIA |
| Término de materia o nombre geográfico como elemento inicial |
distribución del gasto |
| 9 (RLIN) |
30938 |
| 650 #4 - ASIENTO SECUNDARIO DE MATERIA--TÉRMINO DE MATERIA |
| Término de materia o nombre geográfico como elemento inicial |
España |
| 9 (RLIN) |
26964 |
| 650 #4 - ASIENTO SECUNDARIO DE MATERIA--TÉRMINO DE MATERIA |
| Término de materia o nombre geográfico como elemento inicial |
2010 |
| 9 (RLIN) |
31233 |
| 650 #4 - ASIENTO SECUNDARIO DE MATERIA--TÉRMINO DE MATERIA |
| Término de materia o nombre geográfico como elemento inicial |
CD ROM |
| 9 (RLIN) |
30331 |
| 653 10 - TÉRMINO DE INDEXACIÓN--NO CONTROLADO |
| Término no controlado |
Hacienda Pública |
| 710 1# - ENCABEZAMIENTO SECUNDARIO--NOMBRE CORPORATIVO |
| Nombre de entidad o nombre de jurisdicción como elemento inicial |
España |
| Unidad subordinada |
Ministerio de Economía y Hacienda |
| Término indicativo de función |
ed. |
| 9 (RLIN) |
3237 |
| 787 0# - ENTRADA DE OTRAS ESPECIFICACIONES |
| Título |
Proyecto de Presupuestos Generales del Estado 2012 |
| Número de control del registro relacionado |
(ES-MaCES)24639 |
| 787 0# - ENTRADA DE OTRAS ESPECIFICACIONES |
| Título |
Proyecto [de] Presupuestos Generales del Estado 2013 |
| Número de control del registro relacionado |
(ES-MaCES)24746 |
| 787 0# - ENTRADA DE OTRAS ESPECIFICACIONES |
| Título |
Proyecto [de] Presupuestos Generales del Estado 2009 |
| Número de control del registro relacionado |
(ES-MaCES)21542 |
| 902 ## - CES. TIPO DE DOCUMENTO |
| Tipodoc (006$c Sirtex) |
ELE PUB. ELECTRONICA |
| 942 ## - ELEMENTOS KOHA |
| Fuente de clasificaión o esquema |
Clasificación propia del CES |
| Koha [por defecto] tipo de item |
Monografías |
| Parte de clasificación |
0.1. |